Sports Quiz

Random Sports or Century Quiz

21st Century Champions - US Sports Quiz Stats

 Plays Quiz not verified by Sporcle

Also try: NBA Champions
Challenge
Share
Tweet
Embed
Score 0/76 Timer 12:00
0 Plays Today
Year Team/Person % Correct
2001Arizona Diamondbacks
86.4%
2001Los Angeles Lakers
84.8%
2001New England Patriots
83.2%
2002Los Angeles Lakers
68%
2007Boston Red Sox
65.2%
2007New York Giants
64.8%
2002Anaheim Angels
64.4%
2009Los Angeles Lakers
64.4%
2004Boston Red Sox
64%
2007San Antonio Spurs
64%
2008Boston Celtics
63.6%
2004New England Patriots
63.2%
2005Chicago White Sox
63.2%
2008Pittsburgh Steelers
63.2%
2003San Antonio Spurs
62.4%
2001Duke
62%
2003New England Patriots
62%
2006Indianapolis Colts
62%
2002Tampa Bay Buccaneers
61.6%
2008Philadelphia Phillies
61.6%
2005San Antonio Spurs
60.4%
2003Florida Marlins
59.6%
2004Detroit Pistons
59.6%
2005Pittsburgh Steelers
59.6%
2001Miami
59.2%
2009Pittsburgh Penguins
58.4%
2006St. Louis Cardinals
58%
2006Miami Heat
57.6%
2005Texas
56.4%
2009North Carolina
56.4%
2008Detroit Red Wings
56%
2001Colorado Avalanche
55.6%
2004USC
55.2%
2008Florida
54.8%
2005North Carolina
54.4%
2008Kansas
54%
2007Florida
53.6%
2007LSU
53.2%
Year Team/Person % Correct
2002Detroit Red Wings
52.8%
2003LSU
52.8%
2006Florida
52.4%
2002Ohio State
50.4%
2006Florida
50%
2007Jimmie Johnson
48%
2001Jeff Gordon
47.6%
2004Connecticut
47.6%
2006Jimmie Johnson
46%
2008Jimmie Johnson
46%
2007Anaheim Ducks
44.4%
2003Syracuse
43.2%
2004Tampa Bay Lightning
42.8%
2006Carolina Hurricanes
41.6%
2002Maryland
40.4%
2003New Jersey Devils
40.4%
2005Tony Stewart
30.4%
2002Tony Stewart
27.6%
2007Oregon State
22%
2008Fresno State
21.6%
2009LSU
20.8%
2006Oregon State
19.6%
2001Tokyo, Japan
19.2%
2002Texas
18.8%
2005Texas
18.4%
2004Kurt Busch
16%
2003Tokyo, Japan
15.6%
2003Matt Kenseth
14.4%
2009Chula Vista, California
14.4%
2001Miami
14%
2003Rice
14%
2008Waipi'o, Hawaii
8.8%
2007Warner Robins, Georgia
8%
2004Cal State Fullerton
7.6%
2006Columbus, Georgia
7.6%
2005Ewa Beach, Hawaii
6.8%
2004Wilemstad, Curacao
5.2%
2002Louisville, Kentucky
4.8%

You're not logged in!

Compare scores with friends on all Sporcle quizzes.
Join for Free
OR
Log In

You Might Also Like...

Show Comments

Extras

Top Quizzes Today


Score Distribution

Your Account Isn't Verified!

In order to create a playlist on Sporcle, you need to verify the email address you used during registration. Go to your Sporcle Settings to finish the process.

Report this User

Report this user for behavior that violates our Community Guidelines.

Details: